| 000 | 00994nam a2200229Ia 4500 | ||
|---|---|---|---|
| 001 | 9285 | ||
| 003 | GE_BSU | ||
| 008 | 181216s||||||||xx |||||||||||||| ||und|| | ||
| 040 | _cGE_BSU | ||
| 080 | _a821.353.1–32 | ||
| 100 | _aგრიგოლია,მიხეილ | ||
| 245 | _aწაგებული თამაში, წინდაუხედავი კაცი | ||
| 245 | _bდოკუმ. მოთხრობები | ||
| 245 | _cლიტ. დაამუშავეს. ც. ნიკოლაიშვილმა და გ. ნატროშვილმ.რედ. ე.თვარაძე,მხატვ. გ. გიგაურია | ||
| 260 | _aთბილისი | ||
| 260 | _bნაკადული | ||
| 260 | _c1967 | ||
| 300 | _a160გვ.19სმ. | ||
| 653 | _aდოკუმ. მოთხრობები | ||
| 653 | _aწაგებული თამაში, წინდაუხედავი კაცი | ||
| 942 | _cBK | ||
| 999 |
_c42583 _d42583 |
||